| 000 | 00423nam a2200157 i 4500 | ||
|---|---|---|---|
| 001 | 142743 | ||
| 003 | ES-MaACL | ||
| 005 | 20230906200618.0 | ||
| 007 | t| | ||
| 008 | 071009s1971 sp ||||1| cat d | ||
| 100 | 1 |
_aVicens, Antònia. _9114312 |
|
| 245 | 1 | 0 |
_aMaterial de fulletó / _cAntonia Vicens. |
| 260 |
_aPalma de Mallorca : _bMoll, _c1971. |
||
| 300 |
_a203 p. ; _c18 cm. |
||
| 852 |
_aES-MaACL _jC-47572 _bR.78800 |
||
| 999 |
_c142743 _d142743 |
||